000 01005nmm a2200337 a 4500
003 AR-BaBNM
005 20251128210651.0
008 011101s1998 ||||||||||||||000 | spa||
020 _a987-9145-08-9
040 _cAR-BaBNM
110 2 _aAcademia Nacional de Educación [Buenos Aires]
245 1 0 _aLa formación docente en debate
250 _a1ª ed.
260 _aBuenos Aires
_bAcademia Nacional de Educación
_c1998
300 0 _a338 p.
_btablas, gráfs.
500 0 _aContiene referencias bibliográficas
650 4 _aFORMACION DE DOCENTES
650 4 _aROL DEL DOCENTE
650 4 _aPROFESORES UNIVERSITARIOS
650 4 _aCOMPETENCIAS
650 4 _aEDUCACION ARTISTICA
650 4 _aADMINISTRACION DE LA EDUCACION
650 4 _aPOLITICA EDUCATIVA
653 0 _aTRANSFORMACION EDUCATIVA
653 0 _aGLOBALIZACION
653 0 _aGESTION CURRICULAR
653 0 _aCAPACITACION DOCENTE
653 0 _aEDUCACION A DISTANCIA
653 0 _aEVALUACION EDUCATIVA
942 _cBK
999 _c16360
_d16360